000 00760cam a2200253 a 4500
008
020 _a0521655404 (pbk.)
049 _aMAIN
090 0 _aQE534.3SCH
100 1 _aScholz, Christopher H.
245 1 4 _aThe mechanics of earthquakes and faulting /
_cChristopher H. Scholz.
250 _a2nd ed.
260 _aCambridge, UK. :
_bCambridge University Press,
_c2002.
300 _axxiv, 471 p. :
_bill. (some col.) ;
_c26 cm.
500 _aIncludes index.
504 _aIncludes bibliographical references.
650 0 _aSeismology.
650 0 _aFaults (Geology)
907 _a.b10219717
_b06-02-13
_c14-11-06
003
005 20230123134304.0
040 _cNUST
942 _cBOOKS
_kQE534.3SCH
999 _c163305
_d163305